| 000 | 00450cam a2200193 4500 | ||
|---|---|---|---|
| 001 | D860 | ||
| 008 | 090401t1980 xxu||||| |||| 00| 0 eng d | ||
| 035 | _a(Sirsi) u48534 | ||
| 041 | _aeng | ||
| 050 | _a346.4104344 | ||
| 100 | _aAldridge, Trevor M. | ||
| 245 | _aRent control and leasehold enfranchisement | ||
| 250 | _a8th | ||
| 260 |
_aLondon _bOyez _c1980 |
||
| 300 | _axl. 205p. 21cm | ||
| 350 | _a9.5 | ||
| 942 | _n0 | ||
| 948 | _c04/03/1997 | ||
| 999 |
_c92359 _d92359 |
||